000 00808nam a2200229 a 4500
001 40191
003 BD-RjUL
005 20220621132904.0
008 220621s1959 ii ||||| |||| 00| 0 urd d
020 _c: IRs 300.00
035 _a(BD-RjUL)
040 _aBD-RjUL
_burd
_cBD-RjUL
041 _aurd
082 _223
_a891.43909
_bRAP 1959
100 _aRaiyce, Qamar
_9123758
245 1 0 _a پریم چند کا تنقیدی مطالعہ بہ حیثیت ناول نگار ;; prim chand ka taqdeedi mota'la bah haisiat naul nagar /
_c qamar riyce ;; قمر رئیس
260 _adelhi :
_bUstad su;bai urdu,
_c1959
300 _a560 p. ;.
_c18 cm
600 _aPremacanda,
_xCriticism and interpretation.
_d1881-1936
_93796
650 _aUrdu Literature
_93797
_vHistory & Criticism
942 _2ddc
_cBK
999 _c40191
_d40191